00537nam a2200157Ia 45000010006000000050017000060080041000230410008000640820017000721000025000892450211001142600009003253000031003346500006003656540008003712282920260414150856.0260414t1985||||xx |||||||||||||| ||spa|| aESP a624.151bG33 aGazetas, GeorgeeAUT 0aVibration problems in geotechnical engineering :bproceedings of a symposium sponsored by the Geotechnical Engineering Division in conjunction with the ASCE Convention in Detroit, Michigan, October 22, 1985 c1985 av, 303 páginas :c22 cm. a0 aCIC